Adelou from A to Z - Statistiques

Statistiques générales
  • Ce quiz a été pris 2 fois
  • Le résultat moyen est 8 sur 26
Statistiques - réponses
Réponse % Correct
E ce que je ne sais pas faire économiser
100%
L région italienne dont ma famille est originaire Lombardie
100%
B ce que je préfère tenir Bob
50%
C ma comédie musicale favorite Chicago
50%
G j'y vais cet été Grèce
50%
H mon astrophysicien préféré s'appelle Hubert
50%
K j'en ai déjà mangé à la cantine de mon lycée kangourou
50%
O j'en ai déjà joué opéra
50%
P m'a permis d'avoir un si beau doigté piano
50%
R un plouc qui partage mes nuits Romain
50%
U autre façon de dire do ut
50%
V ma deuxième plus grande phobie vix
50%
W les intégrales de wallis
50%
A mon prénom Adèle
0%
D i love d*** more than everything dick
0%
F adeleet flavie
0%
I j'aime énormément ce film Interstellar
0%
J ma personne favorite Joe
0%
M grande ville italienne dont ma famille est originaire milan
0%
N ma chanson de Frank Sinatra favorite New York New York
0%
Q ma marque préféré de vêtements quechua
0%
S ce qui réchauffe mon coeur ( et mon estomac ) sushi
0%
T une de mes plus grandes phobies thalassophobie
0%
X chanson préférée de Billie Eilish xanny
0%
Y nom de mon entraineur de tennis ( oui j'avais pas d'idée ) Yves
0%
Z Harare Zimbabwe
0%
Aucun quiz correspondant
Distribution des résultats
% des personnes avec chaque résultat
Percentile par nombre de réponses
Votre historique - résultats
Vous n’avez pas pris ce quiz